Panegírico de trajano y cartas; tomo i /

Guardado en:
Autor Principal: Plinio
Formato: Libro
Publicado: Madrid : Hernando, 1891
Series:Bibl. Clásica
Materias:
Etiquetas: Agregar Etiqueta
Sin Etiquetas, Sea el primero en etiquetar este registro!
LEADER 00566nam a22002055a 4500
001 CEM.cems005091
005 20060217000000.0
008 130507s1891##################000#0#####d
003 CEMS
082 0 4 |a 876 
100 1 |a Plinio 
245 1 0 |a Panegírico de trajano y cartas; tomo i / 
260 |a Madrid :  |b Hernando,  |c 1891 
300 |a 348 p. 
490 0 |a Bibl. Clásica 
505 0 |a Panegírico de Trajano y cartas 
653 |a Epistolas latinas 
653 |a Literatura 
653 |a Literatura latina 
859 |a CEMS  |b BIB. CEMS - 11 de abril  |h 876  |i P719/I  |p 5666.76  |t Ej.1